[Event "Surabaya Zindgani Cup op"]
[Site "Surabaya"]
[Date "2018.11.10"]
[Round "7"]
[White "Hafiz, Arif Abdul"]
[Black "Umam, Muhammad Khoirul"]
[Result "1-0"]
[WhiteElo "2279"]
[BlackElo "2157"]
[PlyCount "115"]
[EventDate "2018.11.07"]
[EventType "swiss"]
[EventRounds "9"]
[EventCountry "INA"]
[SourceTitle "EXT 2020"]
[Source "ChessBase"]
[SourceDate "2019.10.17"]
[SourceVersion "1"]
[SourceVersionDate "2019.10.17"]
[SourceQuality "1"]

1. d4 d5 2. Bg5 Nf6 3. Bxf6 exf6 4. e3 Be6 5. Bd3 c5 6. dxc5 Bxc5 7. c3 Nc6 8. Nf3 0-0 9. Nbd2 Re8 10. 0-0 Ne5 11. Be2 Bd6 12. Nd4 Qb6 13. Qb3 Bc7 14. h3 Nc6 15. Qxb6 Bxb6 16. Rfe1 Rad8 17. Rad1 Bc8 18. N2f3 f5 19. Bf1 g6 20. g3 h6 21. h4 Kg7 22. Rd2 Be6 23. Red1 Kf6 24. Bb5 Rc8 25. Nc2 Red8 26. Ba4 Na5 27. Ncd4 a6 28. Re2 Ba7 29. Ne1 b5 30. Bb3 Nc4 31. Bxc4 dxc4 32. Red2 Bxd4 33. Rxd4 Rxd4 34. Rxd4 Ke7 35. Nc2 a5 36. Rd2 Rb8 37. a3 Rb7 38. f3 Rb8 39. Kf2 Rb6 40. e4 fxe4 41. fxe4 f5 42. e5 Bd7 43. Ke3 Ke6 44. Kf4 Ke7 45. Ne3 Be6 46. Nc2 Bd7 47. Rd5 Be8 48. Rc5 Kd8 49. Nd4 Bd7 50. Nc2 Be8 51. Ne3 Rb7 52. e6 b4 53. Rxa5 bxc3 54. bxc3 Rb2 55. Ra8+ Ke7 56. Ke5 Re2 57. Ra7+ Kf8 58. Kf6 1-0

[Event "Surabaya Zindgani Cup op"]
[Site "Surabaya"]
[Date "2018.11.10"]
[Round "6"]
[White "Umam, Muhammad Khoirul"]
[Black "Dziththauly, Ramadhan"]
[Result "0-1"]
[WhiteElo "2157"]
[BlackElo "1931"]
[PlyCount "80"]
[EventDate "2018.11.07"]
[EventType "swiss"]
[EventRounds "9"]
[EventCountry "INA"]
[SourceTitle "EXT 2020"]
[Source "ChessBase"]
[SourceDate "2019.10.17"]
[SourceVersion "1"]
[SourceVersionDate "2019.10.17"]
[SourceQuality "1"]

1. e4 c5 2. Nf3 d6 3. Bb5+ Bd7 4. a4 Nf6 5. Nc3 g6 6. 0-0 Bg7 7. Re1 0-0 8. h3 a6 9. Bc4 Nc6 10. d3 e6 11. Bf4 Ne8 12. Qd2 Nd4 13. Nxd4 cxd4 14. Ne2 e5 15. Bg5 Bf6 16. Bh6 Ng7 17. f4 Be6 18. Bxe6 fxe6 19. Rf1 exf4 20. Rxf4 e5 21. Rf3 Qb6 22. b3 Be7 23. Raf1 Rxf3 24. gxf3 Rf8 25. f4 Qd8 26. Qb4 Qc8 27. Qc4+ Qxc4 28. bxc4 Rf7 29. Bxg7 Kxg7 30. Rb1 Bd8 31. Kg2 Ba5 32. fxe5 dxe5 33. Ng1 h6 34. Nf3 Re7 35. Kf2 Kf6 36. Ke2 Ke6 37. Rg1 Rg7 38. Nh4 Kf7 39. Rf1+ Ke7 40. Kf3 Ke6 0-1